00780nam a22002537a 45000010005000000030006000050050017000110080041000280200018000690400029000870500013001160820012001291000015001412450051001562500027002072600035002343000022002695050007002915200136002985210019004345210018004536500032004716500023005034656FISKH20240919091704.0240919b cb ||||| |||| 00| 0 eng d a9780380728855 aFISKHbengcFISKHdFISKH aPZ7.A953 2808.899 aAvid1937- aThe true confessions of Charlotte Doyle /cAvi aFirst printing in 1992 aNew York :bAvon Books,c1992. a229 pages :c20cm aR  aAs the lone "young lady" on a transatlantic voyage in 1832, Charlotte learns that the captain is murderous and the crew rebellious.8 a740L bLexile 8 aR bRaz-Plus  2Historical fictionaSailing 2FictionaAdventure